00303nam a2200097Ia 4500008004100000100004400041245005100085260004700136300000900183650001300192190216s9999||||xx |||||||||||||| ||und|| aRodney D Johnson & Bernard R Siskin 0aQuantitative Techniques For Business Decisions bPublications Division Govt. Of Indiac1977 a485p aCommerce